00714nam a2200205Ia 4500003000400000005001700004008004100021040002100062041000800083082002600091100002900117245007100146260003800217300002800255505009400283650002900377650002900406650002800435650004500463OSt20200521125139.0191128s1981 yo gr 000 0 eng d aCO-JMCRcCO-JMCR0 aeng04a330.092 / bM122d2231 aMaddux, John L., eautor14aThe development philosophy of Robert S. McNamara /cJohn L. Maddux aWashington : bWorld Bank, c1981 a48 páginas ; c22 cm. aThe background -- The evolution of McNamara's development thinking -- The McNamara legacy14aFuncionarios públicos 24aPensamiento económico 24aDesarrollo económico 24aMcNamara, Robert S. xTextos políticos